Statistics for 10 Most Populous Cities By Country #3

Click here to take the quiz!

General Stats

  • This quiz has been taken 86 times
  • The average score is 32 of 50

Answer Stats

CountryPopulationCity% Correct
Mexico12,294,193Mexico City
97%
France2,190,327Paris
96%
Italy2,837,332Rome
96%
Japan9,272,740Tokyo
96%
Italy1,396,059Milan
95%
Italy962,589Naples
95%
Japan2,691,185Osaka
94%
South Africa9,167,045Johannesburg
92%
France515,695Lyon
92%
France862,211Marseille
92%
South Africa4,004,793Cape Town
91%
South Africa2,437,000Pretoria
88%
Italy870,952Turin
88%
Italy372,038Florence
87%
Mexico1,495,182Guadalajara
86%
France342,637Nice
83%
France475,438Toulouse
82%
France252,040Bordeaux
81%
Italy657,960Palermo
81%
South Africa3,661,911Durban
78%
Japan1,475,183Kyoto
78%
France306,694Nantes
78%
Japan2,295,638Nagoya
74%
Japan3,724,844Yokohama
74%
Japan1,952,356Sapporo
73%
Italy574,090Genoa
71%
Mexico1,300,983Tijuana
71%
South Africa759,693Bloemfontein
70%
South Africa1,263,051Port Elizabeth
68%
Italy390,625Bologna
66%
France279,284Strasbourg
66%
Japan1,538,681Fukuoka
62%
France232,440Lille
62%
Italy322,316Bari
60%
Mexico1,321,004Ciudad Juarez
60%
Japan1,537,272Kobe
56%
France281,613Montpellier
53%
Mexico1,434,062Puebla City
52%
Italy311,402Catania
45%
Mexico1,238,962Leon
38%
South Africa810,528East London
26%
Mexico1,655,015Ecatepec
19%
Japan1,475,213Kawasaki
19%
Japan1,263,979Saitama
17%
South Africa679,766Pietermaritzburg
12%
Mexico1,142,483Zapopan
6%
South Africa957,528Vereeniging
4%
Mexico1,815,786Iztapalapa
1%
South Africa841,000Soshanguve
1%
Mexico1,185,772Gustavo A. Madero
0%

Score Distribution

Percentile by Number Answered

Percent of People with Each Score

Your Score History

You have not taken this quiz